000 00622nam a2200241Ia 4500
005 20260121111915.0
008 1783 260114s9999 xx 000 0 eng d
020 _a9789814338936
037 _aEBOOK
040 _aCRL
_beng
_cCRL
041 _aeng
_2eng
084 _qCRL
100 _aMoriyasu K
_9949189
245 0 _aElementary Primer for Gauge Theory, An
260 _bWorld Scientific
260 _bWSPC
260 _c1983
650 _aPhysics
_9949190
856 _uhttps://www.worldscientific.com/worldscibooks/10.1142/0049#t=toc
942 _cEBOOK
999 _c1539083
_d1539083